| 000 | 00770nam a22001697a 4500 | ||
|---|---|---|---|
| 008 | 090727t xxu||||| |||| 00| 0 ara d | ||
| 020 | _a9953680221 | ||
| 082 |
_222 _a306.089 _bغ ل ى |
||
| 100 | 1 |
_98072 _aبرهان ، غليون |
|
| 245 | 1 | 0 |
_aاغتيال العقل: _bمحنة الثقافة العربية بين السلفية والتبعية/ _cبرهان غليون |
| 250 | _aط 4. | ||
| 260 |
_aالمغرب: _bالمركز الثقافى العربى، _c2006 |
||
| 300 |
_a319 ص ؛ _c24 سم |
||
| 650 |
_98082 _aالثقافة العربية |
||
| 942 |
_2ddc _cBB |
||
| 999 |
_c12427 _d12427 |
||